Selected poems / (Record no. 128510)

MARC details
000 -LEADER
fixed length control field 00660nam a22002417a 4500
005 - DATE AND TIME OF LATEST TRANSACTION
control field 20170124110040.0
010 ## - LIBRARY OF CONGRESS CONTROL NUMBER
LC control number A-778999
020 ## - INTERNATIONAL STANDARD BOOK NUMBER
Terms of availability 115.00
International Standard Book Number 8170102499
035 ## - SYSTEM CONTROL NUMBER
System control number A-778999
037 ## - SOURCE OF ACQUISITION
Source of stock number/acquisition Cen Lib/Ret
040 ## - CATALOGING SOURCE
Original cataloging agency DPL
Language of cataloging EN
082 ## - DEWEY DECIMAL CLASSIFICATION NUMBER
Classification number 881
Item number DOV
100 ## - MAIN ENTRY--PERSONAL NAME
Personal name Dove, Rita
9 (RLIN) 23637
245 ## - TITLE STATEMENT
Title Selected poems /
Statement of responsibility, etc by Rita Dove
246 ## - VARYING FORM OF TITLE
Remainder of title
260 ## - PUBLICATION, DISTRIBUTION, ETC. (IMPRINT)
Name of publisher, distributor, etc Hemkunt Press
Date of publication, distribution, etc 1993
Place of publication, distribution, etc New Delhi
270 ## - ADDRESS
City New Delhi
Address A-78, Naraina I.A. Ph-I
Postal code 110028
300 ## - PHYSICAL DESCRIPTION
Extent xxvi,209p.
Dimensions 21cm(Hb)
500 ## - GENERAL NOTE
General note Includes index.
650 ## - SUBJECT ADDED ENTRY--TOPICAL TERM
Topical term or geographic name as entry element American poetry
9 (RLIN) 19314
650 ## - SUBJECT ADDED ENTRY--TOPICAL TERM
Topical term or geographic name as entry element African Americans
9 (RLIN) 23638
942 ## - ADDED ENTRY ELEMENTS (KOHA)
Source of classification or shelving scheme Dewey Decimal Classification
Koha item type English Books
Classification part 881
Call number suffix DOV
Holdings
Withdrawn status Lost status Damaged status Not for loan Home library Current library Date acquired Source of acquisition Cost, normal purchase price Total Checkouts Full call number Barcode Date last seen Date checked out Copy number Cost, replacement price Price effective from Koha item type
        Central Library Central Library 02/07/2015 Cen Lib/Ret 0.00 2 881 DOV A-778999 09/01/2024 23/12/2023 1 0.00 02/07/2015 English Books

© Delhi Public Library
Hit Counter
free hit counter